000 01019nam a2200301 a 4500
001 vtls000190023
003 NLI
005 20210602111620.0
008 101125s1979 rm 000 0 eng
039 9 _y201011252249
_zVLOAD
040 0 _aNLI
_cVTLS-2010
_eAACR2
041 1 _aeng
_hrum
044 _arm
082 0 4 _a398.2109498
245 0 0 _aRomanian folk tales /
_ctranslated [from the Romanian] by Ana Cartianu ; foreword by Vasile Nicolescu
260 _aBucharest :
_b"Minerva" Pub. House,
_c1979
300 _a334 p. ;
_c21 cm.
504 _aIncludes bibliographical references
650 0 _aFairy tales
_zRomania
_9362810
650 0 _aFairy tales
_xHistory and criticism
_9283090
700 1 _aCartianu, Ana,
_4trl
_9139252
887 _a
901 _aEX2987
_b23.12.1980
902 _aE 398.2109498 R 661
942 _2ddc
_cBKS
949 _AVIRTUAITEM
_D10000
_X100
_6EXX000002987ENG
999 _aVIRTUA40
_c192541
_d192541
999 _aVTLSSORT0080*0400*0410*0440*0820*2450*2600*3000*5040*6500*6501*7000*9010*9020*9490*9991